00695nam a2200229Ia 4500003000400000005001700004008004100021020001800062040001800080041000800098082002000106100002100126245009900147250001200246260004600258300002900304650002600333650003500359650003500394700001800429700001800447OSt20251030162558.0210716s2016 xx 000 0 und d a9788126556809 cAIMIT LIBRARY aeng a005.821b AGRM aAgrawal, Manish. aInformation security and it risk management /cBy Manish Agrawal, Alex Campoe and Eric Pierce. a1st ed. aNew Delhi :bWiley India Pvt Ltd ,c2016. axviii,414p. ;bPBc24 cm aSystem administration aIdentity and access management aHardware and software controls aCampoe, Alex. aPierce, Eric.